000 00706nam a2200217 a 4500
003 BD-JhCC
005 20230712100619.0
008 230712s2022 bg |||| |||| 000 0 ben d
020 _a9789847768601
035 _a(BD-JhCC)
040 _aBD-JhCC
_dBD-JhCC
041 _aben
082 _a792.0954
_bAHM 2022
100 _aআহমেদ, মঈন
245 _aযাত্রাতিহাস :
_bবাংলার যাত্রাশিল্পের আদিঅন্ত /
_cমঈন আহমেদ
260 _aঢাকা :
_bঐতিহ্য,
_c২০২২
300 _a৩৫১ পৃ. :
_c২১ সেমি.
650 _aTheater
650 _aFolk drama
942 _2ddc
_cBK
999 _c13140
_d13140